[Event "GX Alekhine Open de Inverno 2024"]
[Site "Lisboa, Portugal"]
[Date "????.??.??"]
[Round "6.1"]
[White "Silva, Lourenco Santa Clara Rebelo Da"]
[Black "Bras, Hugo Miguel Pereira"]
[Result "1-0"]
[WhiteElo "1875"]
[BlackElo "1834"]
[PlyCount "59"]

1. e4 {[%emt 0:01:58]} e5 {[%emt 0:00:18]} 2. Nf3 {[%emt 0:00:05]} Nc6 {[%emt 0:00:07]} 3. Bb5 {[%emt 0:00:05]} a6 {[%emt 0:00:06]} 4. Ba4 {[%emt 0:00:04]} Nf6 {[%emt 0:00:06]} 5. O-O {[%emt 0:00:05]} Be7 {[%emt 0:00:04]} 6. Re1 {[%emt 0:00:05]} b5 {[%emt 0:00:04]} 7. Bb3 {[%emt 0:00:04]} O-O {[%emt 0:00:08]} 8. a4 {[%emt 0:00:11]} Bb7 {[%emt 0:00:06]} 9. d3 {[%emt 0:00:46]} d6 {[%emt 0:00:06]} 10. c3 {[%emt 0:00:35]} Na5 {[%emt 0:02:04]} 11. Bc2 {[%emt 0:01:20]} c5 {[%emt 0:00:07]} 12. Nbd2 {[%emt 0:01:33]} Qc7 {[%emt 0:01:38]} 13. Nf1 {[%emt 0:01:31]} c4 {[%emt 0:00:31]} 14. Ng3 {[%emt 0:09:11]} Rfe8 {[%emt 0:04:36]} 15. Nf5 {[%emt 0:05:25]} Bf8 {[%emt 0:00:38]} 16. Bg5 {[%emt 0:01:28]} Re6 {[%emt 0:04:41]} 17. d4 {[%emt 0:10:40]} exd4 {[%emt 0:01:15]} 18. N3xd4 {[%emt 0:00:55]} Re5 {[%emt 0:17:11]} 19. Bxf6 {[%emt 0:04:25]} gxf6 {[%emt 0:00:08]} 20. Qg4+ {[%emt 0:02:13]} Kh8 {[%emt 0:00:17]} 21. Re3 {[%emt 0:01:32]} Bh6 {[%emt 0:06:11]} 22. Nxh6 {[%emt 0:06:11]} Rg5 {[%emt 0:00:07]} 23. Qh4 {[%emt 0:01:17]} d5 {[%emt 0:05:00]} 24. Rg3 {[%emt 0:01:25]} Qe7 {[%emt 0:00:24]} 25. Ndf5 {[%emt 0:00:13]} Qe6 {[%emt 0:01:49]} 26. Rxg5 {[%emt 0:05:02]} fxg5 {[%emt 0:00:12]} 27. Qxg5 {[%emt 0:00:04]} Qg6 {[%emt 0:00:23]} 28. Qe7 {[%emt 0:00:54]} dxe4 {[%emt 0:01:15]} 29. Nxf7+ {[%emt 0:00:31]} Kg8 {[%emt 0:00:43]} 30. N7h6+ {[%emt 0:00:04]} 1-0

[Event "GX Alekhine Open de Inverno 2024"]
[Site "Lisboa, Portugal"]
[Date "????.??.??"]
[Round "6.3"]
[White "Silva, Reinaldo Joao David Batista Da"]
[Black "Reis, Luis Simoes Dos"]
[Result "1-0"]
[WhiteElo "1855"]
[BlackElo "1857"]
[PlyCount "49"]

1. Nf3 {[%emt 0:00:13]} Nf6 {[%emt 0:01:04]} 2. g3 {[%emt 0:00:11]} d5 {[%emt 0:00:21]} 3. Bg2 {[%emt 0:00:10]} c5 {[%emt 0:00:21]} 4. O-O {[%emt 0:00:13]} Nc6 {[%emt 0:00:15]} 5. d4 {[%emt 0:00:06]} e6 {[%emt 0:00:25]} 6. c4 {[%emt 0:00:05]} Be7 {[%emt 0:03:03]} 7. cxd5 {[%emt 0:01:54]} exd5 {[%emt 0:01:47]} 8. dxc5 {[%emt 0:00:25]} Bxc5 {[%emt 0:00:21]} 9. Bg5 {[%emt 0:00:48]} Be7 {[%emt 0:07:10]} 10. Nc3 {[%emt 0:02:14]} Be6 {[%emt 0:00:53]} 11. Nd4 {[%emt 0:04:38]} O-O {[%emt 0:03:07]} 12. Nxe6 {[%emt 0:00:34]} fxe6 {[%emt 0:00:10]} 13. Bh3 {[%emt 0:00:14]} Qd7 {[%emt 0:03:12]} 14. e4 {[%emt 0:02:59]} d4 {[%emt 0:24:51]} 15. Qb3 {[%emt 0:11:44]} Kh8 {[%emt 0:14:32]} 16. Bxe6 {[%emt 0:02:38]} Qd6 {[%emt 0:00:40]} 17. Nb5 {[%emt 0:09:25]} Qe5 {[%emt 0:02:34]} 18. Bf4 {[%emt 0:17:47]} Qc5 {[%emt 0:02:01]} 19. Nc7 {[%emt 0:06:08]} Nxe4 {[%emt 0:10:10]} 20. Nxa8 {[%emt 0:02:09]} Na5 {[%emt 0:03:28]} 21. Qd3 {[%emt 0:02:03]} Qc6 {[%emt 0:01:51]} 22. Rac1 {[%emt 0:06:18]} Qxe6 {[%emt 0:02:20]} 23. Nc7 {[%emt 0:01:09]} Qg6 {[%emt 0:02:22]} 24. Nd5 {[%emt 0:04:03]} Bh4 {[%emt 0:02:13]} 25. Qa3 {[%emt 0:03:14]} 1-0

[Event "GX Alekhine Open de Inverno 2024"]
[Site "Lisboa, Portugal"]
[Date "????.??.??"]
[Round "7.1"]
[White "Silva, Reinaldo Joao David Batista Da"]
[Black "Silva, Lourenco Santa Clara Rebelo Da"]
[Result "0-1"]
[WhiteElo "1855"]
[BlackElo "1875"]
[PlyCount "104"]

1. Nf3 {[%emt 0:00:03]} Nf6 {[%emt 0:00:06]} 2. g3 {[%emt 0:00:04]} g6 {[%emt 0:00:04]} 3. Bg2 {[%emt 0:00:04]} Bg7 {[%emt 0:00:04]} 4. O-O {[%emt 0:00:11]} O-O {[%emt 0:00:04]} 5. d4 {[%emt 0:00:11]} d6 {[%emt 0:00:06]} 6. c4 {[%emt 0:00:10]} Nc6 {[%emt 0:00:08]} 7. d5 {[%emt 0:00:30]} Na5 {[%emt 0:00:05]} 8. Nfd2 {[%emt 0:00:16]} c5 {[%emt 0:03:08]} 9. dxc6 {[%emt 0:02:06]} Nxc6 {[%emt 0:00:36]} 10. Nc3 {[%emt 0:00:41]} Bd7 {[%emt 0:07:15]} 11. Rb1 {[%emt 0:03:39]} Qc8 {[%emt 0:05:43]} 12. Re1 {[%emt 0:05:13]} Bh3 {[%emt 0:02:37]} 13. Bh1 {[%emt 0:00:15]} Ne5 {[%emt 0:05:36]} 14. Nd5 {[%emt 0:06:59]} Nxd5 {[%emt 0:02:14]} 15. cxd5 {[%emt 0:01:55]} Qf5 {[%emt 0:07:07]} 16. e4 {[%emt 0:11:05]} Qd7 {[%emt 0:01:48]} 17. Nf3 {[%emt 0:07:01]} Bg4 {[%emt 0:14:04]} 18. Nxe5 {[%emt 0:07:53]} Bxe5 {[%emt 0:04:04]} 19. f3 {[%emt 0:02:54]} Bh3 {[%emt 0:00:46]} 20. Be3 {[%emt 0:07:26]} h5 {[%emt 0:01:56]} 21. Bd4 {[%emt 0:14:30]} Rfc8 {[%emt 0:04:32]} 22. Bxe5 {[%emt 0:03:39]} dxe5 {[%emt 0:00:07]} 23. Qd2 {[%emt 0:00:35]} Rc4 {[%emt 0:04:12]} 24. Rbc1 {[%emt 0:06:08]} Rac8 {[%emt 0:00:55]} 25. Bg2 {[%emt 0:01:16]} Bxg2 {[%emt 0:01:41]} 26. Kxg2 {[%emt 0:01:06]} Qc7 {[%emt 0:01:36]} 27. Rxc4 {[%emt 0:01:39]} Qxc4 {[%emt 0:00:05]} 28. b3 {[%emt 0:00:12]} Qc2 {[%emt 0:05:01]} 29. Re2 {[%emt 0:00:09]} Qc5 {[%emt 0:02:31]} 30. Qg5 {[%emt 0:01:55]} Qd6 {[%emt 0:02:14]} 31. h4 {[%emt 0:01:55]} Kg7 {[%emt 0:01:44]} 32. g4 {[%emt 0:00:33]} f6 {[%emt 0:00:20]} 33. Qe3 {[%emt 0:00:49]} hxg4 {[%emt 0:01:43]} 34. fxg4 {[%emt 0:00:22]} Qd7 {[%emt 0:03:25]} 35. Qg3 {[%emt 0:02:43]} Qb5 {[%emt 0:00:38]} 36. Rf2 {[%emt 0:00:22]} Qb4 {[%emt 0:00:10]} 37. g5 {[%emt 0:00:48]} Qxe4+ {[%emt 0:00:29]} 38. Qf3 {[%emt 0:05:48]} Qxf3+ {[%emt 0:00:51]} 39. Kxf3 {[%emt 0:00:43]} f5 {[%emt 0:00:51]} 40. Rd2 {[%emt 0:00:30]} Kf7 {[%emt 0:01:36]} 41. Re2 {[%emt 0:00:38]} Rc3+ {[%emt 0:01:55]} 42. Kg2 {[%emt 0:00:58]} e4 {[%emt 0:00:18]} 43. Rd2 {[%emt 0:00:40]} Rc8 {[%emt 0:10:01]} 44. Kg3 {[%emt 0:00:29]} Rc3+ {[%emt 0:02:17]} 45. Kf4 {[%emt 0:02:47]} Rf3+ {[%emt 0:01:06]} 46. Ke5 {[%emt 0:00:06]} e3 {[%emt 0:00:04]} 47. Re2 {[%emt 0:02:26]} f4 {[%emt 0:00:08]} 48. Ke4 {[%emt 0:00:54]} Rf2 {[%emt 0:00:19]} 49. Re1 {[%emt 0:00:13]} e2 {[%emt 0:00:20]} 50. b4 {[%emt 0:00:56]} f3 {[%emt 0:00:12]} 51. Ke3 {[%emt 0:00:17]} Rf1 {[%emt 0:00:23]} 52. Kd2 {[%emt 0:00:09]} b5 {[%emt 0:00:05]} 0-1

[Event "GX Alekhine Open de Inverno 2024"]
[Site "Lisboa, Portugal"]
[Date "????.??.??"]
[Round "7.2"]
[White "Goncalves, Samuel Jesus Pereira"]
[Black "Kakaie, Arman"]
[Result "0-1"]
[WhiteElo "2186"]
[BlackElo "1843"]
[PlyCount "134"]

1. e4 {[%emt 0:00:02]} c6 {[%emt 0:03:09]} 2. Nf3 {[%emt 0:00:10]} d5 {[%emt 0:00:05]} 3. d3 {[%emt 0:00:12]} Bg4 {[%emt 0:00:47]} 4. h3 {[%emt 0:00:12]} Bxf3 {[%emt 0:01:45]} 5. Qxf3 {[%emt 0:00:09]} e6 {[%emt 0:02:25]} 6. g3 {[%emt 0:01:10]} Nf6 {[%emt 0:02:05]} 7. Qe2 {[%emt 0:01:45]} Be7 {[%emt 0:10:48]} 8. Bg2 {[%emt 0:04:02]} O-O {[%emt 0:02:53]} 9. O-O {[%emt 0:02:44]} Qb6 {[%emt 0:08:03]} 10. Nd2 {[%emt 0:07:43]} Re8 {[%emt 0:02:58]} 11. a4 {[%emt 0:01:58]} a5 {[%emt 0:00:19]} 12. c3 {[%emt 0:00:59]} c5 {[%emt 0:02:29]} 13. f4 {[%emt 0:03:49]} Nc6 {[%emt 0:03:32]} 14. Kh2 {[%emt 0:24:31]} Rad8 15. e5 {[%emt 0:04:47]} Nd7 {[%emt 0:00:28]} 16. h4 {[%emt 0:04:12]} f6 {[%emt 0:04:22]} 17. Bh3 {[%emt 0:05:35]} Nf8 {[%emt 0:02:56]} 18. Nf3 {[%emt 0:01:21]} Qc7 {[%emt 0:10:12]} 19. h5 {[%emt 0:05:21]} b6 {[%emt 0:03:19]} 20. Bd2 {[%emt 0:01:59]} Rb8 {[%emt 0:07:46]} 21. Rae1 {[%emt 0:02:36]} f5 {[%emt 0:04:47]} 22. g4 {[%emt 0:01:51]} fxg4 {[%emt 0:00:46]} 23. Bxg4 {[%emt 0:00:12]} b5 {[%emt 0:01:00]} 24. axb5 {[%emt 0:01:42]} Rxb5 {[%emt 0:00:01]} 25. Bc1 {[%emt 0:00:12]} Rb7 {[%emt 0:01:02]} 26. Rg1 {[%emt 0:01:59]} Bd8 {[%emt 0:02:51]} 27. Rg3 {[%emt 0:05:07]} g6 {[%emt 0:03:58]} 28. Reg1 {[%emt 0:03:13]} Ne7 {[%emt 0:01:29]} 29. Qg2 {[%emt 0:01:53]} Nf5 {[%emt 0:01:17]} 30. Bxf5 {[%emt 0:00:23]} exf5 {[%emt 0:00:01]} 31. hxg6 {[%emt 0:00:52]} h6 {[%emt 0:01:42]} 32. g7 {[%emt 0:01:51]} Nh7 {[%emt 0:01:33]} 33. Rg6 {[%emt 0:02:01]} Rb6 {[%emt 0:01:39]} 34. Rxb6 {[%emt 0:05:36]} Qxb6 {[%emt 0:00:01]} 35. Nd4 {[%emt 0:00:36]} cxd4 {[%emt 0:00:48]} 36. Qxd5+ {[%emt 0:00:08]} Qe6 {[%emt 0:00:21]} 37. Qxe6+ {[%emt 0:03:14]} Rxe6 {[%emt 0:00:02]} 38. cxd4 {[%emt 0:00:06]} Bb6 {[%emt 0:00:11]} 39. Be3 {[%emt 0:00:37]} Re7 {[%emt 0:00:23]} 40. Rg6 {[%emt 0:00:38]} Bd8 {[%emt 0:02:06]} 41. Rxh6 {[%emt 0:01:37]} Kxg7 {[%emt 0:01:04]} 42. Rc6 {[%emt 0:01:59]} Nf8 {[%emt 0:01:23]} 43. d5 {[%emt 0:00:28]} Rd7 {[%emt 0:01:32]} 44. d6 {[%emt 0:00:56]} Ne6 {[%emt 0:00:04]} 45. d4 {[%emt 0:00:09]} Kf7 {[%emt 0:02:31]} 46. d5 {[%emt 0:00:33]} Nf8 {[%emt 0:00:09]} 47. Kg3 {[%emt 0:01:16]} Rb7 {[%emt 0:02:04]} 48. Rc8 {[%emt 0:01:51]} Rb3 {[%emt 0:02:42]} 49. Kf3 {[%emt 0:01:51]} Bb6 {[%emt 0:00:50]} 50. Rc3 {[%emt 0:00:04]} Rxc3 {[%emt 0:01:10]} 51. bxc3 Bxe3 {[%emt 0:00:14]} 52. Kxe3 {[%emt 0:00:01]} a4 {[%emt 0:00:17]} 53. Kd3 {[%emt 0:00:13]} Ng6 {[%emt 0:00:15]} 54. e6+ {[%emt 0:01:19]} Ke8 {[%emt 0:00:28]} 55. c4 {[%emt 0:00:46]} Nxf4+ {[%emt 0:00:30]} 56. Kc3 {[%emt 0:00:42]} Nxd5+ {[%emt 0:01:27]} 57. cxd5 {[%emt 0:01:04]} a3 {[%emt 0:00:07]} 58. d7+ {[%emt 0:00:24]} Kd8 {[%emt 0:00:11]} 59. Kb3 {[%emt 0:00:30]} f4 {[%emt 0:00:09]} 60. Kxa3 {[%emt 0:00:05]} f3 {[%emt 0:00:04]} 61. Kb4 {[%emt 0:00:03]} f2 {[%emt 0:00:13]} 62. Kc5 {[%emt 0:00:12]} f1=Q {[%emt 0:00:11]} 63. Kd6 {[%emt 0:00:30]} Qf4+ {[%emt 0:00:07]} 64. Kc5 {[%emt 0:00:08]} Qc7+ {[%emt 0:00:07]} 65. Kd4 {[%emt 0:00:07]} Qd6 {[%emt 0:00:10]} 66. Ke4 {[%emt 0:00:11]} Ke7 {[%emt 0:00:22]} 67. Kd4 {[%emt 0:00:11]} Kf6 {[%emt 0:00:12]} 0-1

[Event "GX Alekhine Open de Inverno 2024"]
[Site "Lisboa, Portugal"]
[Date "????.??.??"]
[Round "7.4"]
[White "Costa, Guilherme Henriques Bandeira"]
[Black "Lucio, Jorge Manuel Rodrigues"]
[Result "1/2-1/2"]
[WhiteElo "1764"]
[BlackElo "1774"]
[PlyCount "97"]

1. e4 {[%emt 0:00:04]} e6 {[%emt 0:00:18]} 2. Nf3 {[%emt 0:00:08]} d5 {[%emt 0:00:17]} 3. Nc3 {[%emt 0:00:15]} Nf6 {[%emt 0:00:31]} 4. e5 {[%emt 0:00:13]} Nfd7 {[%emt 0:00:16]} 5. d4 {[%emt 0:00:10]} c5 {[%emt 0:00:28]} 6. Bg5 {[%emt 0:01:42]} Qb6 {[%emt 0:01:06]} 7. dxc5 {[%emt 0:01:52]} Bxc5 {[%emt 0:10:26]} 8. Qd2 {[%emt 0:02:21]} Nc6 {[%emt 0:05:10]} 9. Na4 {[%emt 0:03:00]} Qb4 {[%emt 0:02:41]} 10. Nxc5 {[%emt 0:05:54]} Qxd2+ {[%emt 0:06:05]} 11. Bxd2 {[%emt 0:00:43]} Nxc5 {[%emt 0:00:10]} 12. Bb5 {[%emt 0:00:52]} Bd7 {[%emt 0:02:28]} 13. Bxc6 {[%emt 0:00:18]} Bxc6 {[%emt 0:04:36]} 14. Bb4 b6 {[%emt 0:12:00]} 15. Nd4 {[%emt 0:01:47]} Rc8 {[%emt 0:02:29]} 16. O-O {[%emt 0:01:50]} Bd7 {[%emt 0:04:12]} 17. Rac1 {[%emt 0:05:45]} a5 {[%emt 0:03:17]} 18. Ba3 {[%emt 0:11:40]} O-O {[%emt 0:00:26]} 19. c4 {[%emt 0:07:52]} dxc4 {[%emt 0:02:32]} 20. Rxc4 {[%emt 0:01:15]} Nd3 {[%emt 0:09:47]} 21. Rxc8 {[%emt 0:01:14]} Rxc8 {[%emt 0:01:47]} 22. Rd1 {[%emt 0:01:37]} Be8 {[%emt 0:14:23]} 23. Nf3 {[%emt 0:05:09]} Rc1 {[%emt 0:01:27]} 24. Rxc1 {[%emt 0:03:02]} Nxc1 25. Bd6 {[%emt 0:01:04]} b5 {[%emt 0:10:44]} 26. a3 {[%emt 0:02:16]} a4 {[%emt 0:03:44]} 27. Bb4 {[%emt 0:00:45]} Nd3 {[%emt 0:05:37]} 28. Bc3 Bd7 {[%emt 0:01:33]} 29. g3 {[%emt 0:02:17]} h6 {[%emt 0:01:47]} 30. Kf1 {[%emt 0:00:21]} Kf8 {[%emt 0:02:18]} 31. Ke2 {[%emt 0:00:24]} Nc1+ {[%emt 0:00:27]} 32. Ke3 {[%emt 0:00:52]} Nb3 {[%emt 0:00:38]} 33. Nd4 {[%emt 0:01:01]} Nxd4 {[%emt 0:03:51]} 34. Kxd4 {[%emt 0:00:07]} f5 {[%emt 0:01:28]} 35. exf6 {[%emt 0:06:07]} gxf6 {[%emt 0:00:07]} 36. f4 {[%emt 0:00:14]} Kf7 {[%emt 0:01:10]} 37. Kc5 {[%emt 0:00:22]} e5 {[%emt 0:05:14]} 38. Kd6 {[%emt 0:02:48]} Be6 {[%emt 0:00:47]} 39. fxe5 {[%emt 0:00:27]} fxe5 {[%emt 0:00:03]} 40. Kxe5 {[%emt 0:00:14]} Bh3 41. Kf4 {[%emt 0:01:35]} Bf1 42. g4 {[%emt 0:00:58]} Kg6 {[%emt 0:00:19]} 43. h4 {[%emt 0:00:27]} Be2 {[%emt 0:00:12]} 44. h5+ {[%emt 0:02:16]} Kh7 45. Bb4 Bd1 46. Bf8 Be2 47. Kf5 Bd3+ 48. Kf6 Bc2 49. Be7 1/2-1/2

[Event "GX Alekhine Open de Inverno 2024"]
[Site "Lisboa, Portugal"]
[Date "????.??.??"]
[Round "7.3"]
[White "Wang, Minqing"]
[Black "Bras, Hugo Miguel Pereira"]
[Result "1-0"]
[WhiteElo "1928"]
[BlackElo "1834"]
[PlyCount "133"]

1. d4 {[%emt 0:00:02]} d5 {[%emt 0:00:25]} 2. c4 {[%emt 0:00:24]} c6 {[%emt 0:00:06]} 3. Nc3 {[%emt 0:00:04]} Nf6 {[%emt 0:00:08]} 4. Nf3 {[%emt 0:00:12]} e6 {[%emt 0:00:26]} 5. cxd5 {[%emt 0:02:05]} exd5 {[%emt 0:01:50]} 6. g3 {[%emt 0:00:07]} Bd6 {[%emt 0:01:12]} 7. Bg2 {[%emt 0:00:06]} O-O {[%emt 0:00:09]} 8. O-O {[%emt 0:00:05]} Nbd7 {[%emt 0:00:05]} 9. Re1 {[%emt 0:01:07]} Re8 {[%emt 0:00:10]} 10. Nh4 {[%emt 0:00:17]} Nf8 {[%emt 0:00:07]} 11. Bg5 {[%emt 0:00:12]} Be7 {[%emt 0:02:16]} 12. Qc2 {[%emt 0:00:44]} h6 {[%emt 0:00:22]} 13. Bd2 {[%emt 0:01:26]} Ne4 {[%emt 0:04:42]} 14. Nxe4 {[%emt 0:01:28]} Bxh4 {[%emt 0:00:26]} 15. Nc5 {[%emt 0:00:17]} Bf6 {[%emt 0:00:53]} 16. Bc3 {[%emt 0:00:08]} Ne6 {[%emt 0:00:05]} 17. Rad1 {[%emt 0:00:19]} Nxc5 {[%emt 0:14:23]} 18. dxc5 {[%emt 0:00:05]} Bxc3 {[%emt 0:00:33]} 19. Qxc3 {[%emt 0:00:06]} a5 {[%emt 0:00:02]} 20. e4 {[%emt 0:00:14]} Bg4 {[%emt 0:13:27]} 21. Rd3 {[%emt 0:01:52]} Qe7 {[%emt 0:00:38]} 22. Rde3 {[%emt 0:00:48]} dxe4 {[%emt 0:08:14]} 23. Rxe4 {[%emt 0:00:15]} Qd7 {[%emt 0:00:02]} 24. Rxe8+ {[%emt 0:01:23]} Rxe8 {[%emt 0:00:09]} 25. Rxe8+ {[%emt 0:00:04]} Qxe8 {[%emt 0:00:06]} 26. h3 {[%emt 0:00:21]} Be2 {[%emt 0:01:20]} 27. Qxa5 {[%emt 0:00:15]} Bc4 {[%emt 0:00:51]} 28. Bf1 {[%emt 0:01:35]} Bxf1 {[%emt 0:00:33]} 29. Kxf1 {[%emt 0:00:05]} Qd7 {[%emt 0:00:04]} 30. Kg2 {[%emt 0:00:13]} Qd5+ {[%emt 0:00:25]} 31. Kf1 {[%emt 0:02:07]} Qd3+ {[%emt 0:01:12]} 32. Kg2 {[%emt 0:01:16]} Qe4+ {[%emt 0:03:13]} 33. Kh2 {[%emt 0:00:18]} Qd4 {[%emt 0:01:47]} 34. Qe1 {[%emt 0:00:22]} Qxc5 {[%emt 0:00:44]} 35. Qe8+ {[%emt 0:00:05]} Qf8 {[%emt 0:00:21]} 36. Qd7 {[%emt 0:00:04]} Qa8 {[%emt 0:03:58]} 37. a3 {[%emt 0:00:21]} g6 {[%emt 0:09:07]} 38. g4 {[%emt 0:00:11]} Qa7 {[%emt 0:00:09]} 39. Kg3 {[%emt 0:00:35]} Qb6 {[%emt 0:00:20]} 40. Qe8+ {[%emt 0:00:08]} Kg7 {[%emt 0:00:04]} 41. Qe5+ {[%emt 0:00:08]} Kg8 {[%emt 0:00:37]} 42. b4 {[%emt 0:00:49]} Qa6 {[%emt 0:01:04]} 43. Qe3 {[%emt 0:00:07]} Qc4 {[%emt 0:01:00]} 44. Qxh6 {[%emt 0:00:26]} b5 {[%emt 0:04:24]} 45. Qe3 {[%emt 0:00:10]} Kg7 {[%emt 0:03:01]} 46. h4 {[%emt 0:00:52]} Qd5 {[%emt 0:00:42]} 47. Kf4 {[%emt 0:00:49]} Qc4+ {[%emt 0:03:09]} 48. Kf3 {[%emt 0:00:13]} Qd5+ {[%emt 0:04:34]} 49. Kg3 {[%emt 0:00:06]} Qd6+ {[%emt 0:05:01]} 50. f4 {[%emt 0:00:07]} f6 {[%emt 0:00:23]} 51. g5 {[%emt 0:01:19]} Kf7 {[%emt 0:03:18]} 52. Qb3+ {[%emt 0:00:30]} Kf8 {[%emt 0:00:54]} 53. Qc3 {[%emt 0:00:21]} f5 {[%emt 0:02:27]} 54. Qf3 {[%emt 0:01:35]} Qd2 {[%emt 0:04:47]} 55. Kh3 {[%emt 0:00:31]} Qc1 {[%emt 0:01:14]} 56. h5 {[%emt 0:01:08]} gxh5 {[%emt 0:01:22]} 57. Kh4 {[%emt 0:00:15]} Qb2 {[%emt 0:01:41]} 58. Kxh5 {[%emt 0:02:28]} Kg7 {[%emt 0:02:43]} 59. g6 {[%emt 0:00:34]} Qf6 {[%emt 0:01:30]} 60. Qg3 {[%emt 0:00:06]} Qe6 {[%emt 0:00:39]} 61. Qc3+ {[%emt 0:00:05]} Kg8 {[%emt 0:00:36]} 62. Kg5 {[%emt 0:00:10]} Qd5 {[%emt 0:00:51]} 63. Qe5 {[%emt 0:00:39]} Qb3 {[%emt 0:00:40]} 64. Qe8+ {[%emt 0:00:24]} Kg7 {[%emt 0:00:17]} 65. Qe7+ {[%emt 0:00:04]} Kg8 {[%emt 0:00:21]} 66. Qh7+ {[%emt 0:00:04]} Kf8 {[%emt 0:00:15]} 67. g7+ {[%emt 0:00:04]} 1-0